000 00727nam a2200253Ia 4500
003 OSt
005 20220926013142.0
006 a|||||r|||| 00| 0
007 ta
008 220923b |||||||| |||| 00| 0 eng d
037 _cGeneral Book
040 _aRTL
_cRTL
_beng
041 _2eng
_aeng
082 _aT:8, K8
100 _aGetzels Jacob W
_988174
245 0 _aEducational administration as a social process
_b T
260 _aNew York
_bHarper and Row U. S. A.
_c1968
300 _axx, 420p.
_ccm.
490 _aExploration series in Education
650 _a Education
650 _aEducational Management
_9233174
942 _hT:8, K8
_cGB
_2CC
999 _c625267
_d625267